Substrate preference of lauranceae and ferns in the Iquitos area, Peru (Registro nro. 9780)

Detalles MARC
000 -CABECERA
Campo de control 005620000a22001810004500
090 ## - CLASIFICACIÓN LOCAL
Colección AR
Consecutivo 00689
041 0# - IDIOMA
Código de idioma para texto/pista de sonido o título separado
100 1# - ASIENTO PRINCIPAL--NOMBRE PERSONAL
Nombre personal Werff, Henk Van Der
245 10 - MENCION DE TITULO
Título Substrate preference of lauranceae and ferns in the Iquitos area, Peru
650 14 - ASIENTO SECUNDARIO DE MATERIA - TERMINO TEMATICO
Término temático o nombre geográfico como elemento de entrada Suelos
650 14 - ASIENTO SECUNDARIO DE MATERIA - TERMINO TEMATICO
Término temático o nombre geográfico como elemento de entrada Distribución
650 14 - ASIENTO SECUNDARIO DE MATERIA - TERMINO TEMATICO
Término temático o nombre geográfico como elemento de entrada Ecología vegetal
650 14 - ASIENTO SECUNDARIO DE MATERIA - TERMINO TEMATICO
Término temático o nombre geográfico como elemento de entrada Riqueza de especies
651 #4 - ASIENTO SECUNDARIO DE MATERIA - NOMBRE GEOGRAFICO
-- Iquitos
-- Perú
653 ## - TERMINO DE INDIZACION - NO CONTROLADO
-- Lauraceae
773 1# - Item fuente:
Título Cadollea: Journal International Botanique Systematique
Especificación de materiales 779
Descripción física 47b
Paginas del Articulo 11-20
Lugar, editorial y fecha de publicación 1992
942 ## - ELEMENTOS ADICIONALES (KOHA)
Tipo de ítem Artículo
Existencias
Withdrawn status Lost status Damaged status No para préstamo Colección Ubicación Permanente Ubicación actual Fecha de adquisición Fuente de Valor Datos de publicación Seriada Total Checkouts Número topográfico Inventario / Código de Barras Date last seen Ejemplar Price effective from Forma de adquisición Tipo de material
      No para Préstamo Hemeroteca Bogotá Bogotá 27/02/2015 Instituto de Ciencias Naturales Fuera de circulación   AR 00689 011005 25/03/2015 1 25/03/2015   Artículo